| 000 | 00717nam a2200241 a 4500 | ||
|---|---|---|---|
| 001 | 56813 | ||
| 003 | BD-RjUL | ||
| 005 | 20211209080433.0 | ||
| 008 | 161204s19971995bg ||||| |||| 00| 0 eng d | ||
| 020 |
_a9848203087 _c: Tk. 40.00 |
||
| 035 | _a(BD-RjUL)56937 | ||
| 040 |
_aBD-RjUL _beng _cBD-RjUL _dBD-RjUL |
||
| 041 | _aeng | ||
| 082 |
_223 _a340.59 _bHAS 1997 |
||
| 100 |
_aHannan, Shah Abdu. _9124322 |
||
| 245 | 1 | 0 |
_aSocial laws of Islam / _cShah Abdul Hannan. |
| 260 |
_aBangladesh : _bBangladesh Institute of Islamic Thought, _cc1997. |
||
| 300 |
_aiii, 39 p. ; _c20 cm. |
||
| 504 | _aIncludes bibliography | ||
| 650 |
_aIslamic law. _9168934 |
||
| 650 |
_aIslam. _vSocial aspects. _9168935 |
||
| 942 |
_2ddc _cBK |
||
| 999 |
_c56813 _d56813 |
||